| 000 | 00567nam a2200217Ia 4500 | ||
|---|---|---|---|
| 003 | OSt | ||
| 005 | 20241010051559.0 | ||
| 008 | 240925s9999 xx 000 0 und d | ||
| 020 | _a471010197 | ||
| 040 | _csd | ||
| 082 | _a621.319 YAM | ||
| 100 | _aYamayee, Zia A.; Bala, Juan L. | ||
| 245 | 0 | _aElectromechanical Energy Devices and Power Systems | |
| 250 | _aNA | ||
| 260 |
_aNew York: _bJohn Wiley & Sons _c,1994. |
||
| 300 |
_a407p. _bNA _fOriginal |
||
| 500 | _aIncludes Index | ||
| 600 | _aElectrical Engineering | ||
| 650 | _aTechnology | ||
| 942 |
_cBK _2ddc |
||
| 999 |
_c2710 _d2710 |
||